Multidimensional measurement and structure of attitudes toward smoking marijuana with prediction of marijuana use /

Bibliographic Details
Main Author: Schlegel, Ronald Peter, 1943-
Format: Thesis Book
Language:English
Published: Columbus, Ohio : Schlegel, 1973.
Subjects:

MARC

Tag First Indicator Second Indicator Subfields
LEADER 00000cam a2200000 i 4500
001 in00000061529
005 20151007082827.0
008 790301r19761973orua bb 00010 eng d
035 |a (OCoLC)04703408 
035 |9 AAF8457AM 
040 |a IQU  |c IQU  |d TXA  |d UtOrBLW 
049 |a TXAI 
099 |a fiche  |a C  |a 1370 
100 1 |a Schlegel, Ronald Peter,  |d 1943- 
245 1 0 |a Multidimensional measurement and structure of attitudes toward smoking marijuana with prediction of marijuana use /  |c by Ronald Peter Schlegel. 
264 1 |a Columbus, Ohio :  |b Schlegel,  |c 1973. 
300 |a ix, 187 leaves :  |b illustrations 
336 |a text  |b txt  |2 rdacontent 
337 |a microform  |b h  |2 rdamedia 
338 |a microfiche  |b he  |2 rdacarrier 
500 |a Vita. 
500 |a Microfiche (negative) of typescript. Eugene : Microform Publications, College of Health, Physical Education and Recreation, University of Oregon, 1976. -- 3 sheets ; 10.5 x 14.8 cm. 
502 |c Ohio State University. 
504 |a Bibliography: leaves 183-187. 
500 |a Microform. 
650 0 |a Marijuana. 
650 0 |a Drug abuse. 
650 0 |a Attitude (Psychology) 
999 |a MARS 
999 f f |s c72cb5de-83a2-373c-9a9a-51e545cb84b5  |i c337ac6c-2028-3498-9ac4-576f1121dcda  |t 0 
952 f f |p normal  |a Texas A&M University  |b College Station  |c Sterling C. Evans Library  |d Evans: Microforms (3rd floor)  |t 0  |e fiche C 1370  |h Other scheme  |i microform -- microfiche  |m A14820664083 
998 f f |a fiche C 1370  |t 0  |l Evans: Microforms (3rd floor)